000 00559nam a2200229Ia 4500
005 20250425162559.0
008 250425s9999 xx 000 0 und d
020 _a0194229793
041 _aeng
082 _a428.6
100 _aCOOKSON, CATHERINE
245 0 _aMATTY DOOLIN
250 _a2ND ED.
260 _aOXFORD
260 _aReino Unido
_bOXFORD UNIVERSITY PRESS
_c2000
300 _a56
650 _aANIMALES - LITERATURA JUVENIL
650 _aCUENTOS INFANTILES - LECTORES
650 _aVETERINARIOS
942 _c01
010 _a86999
999 _c232159
_d232159